000 00330nam a22001457a 4500
008 250417b ||||| |||| 00| 0 eng d
020 _a9781853260629
041 _aeng
080 _21993
_a82TOL
082 _282TOL
_a82TOL
100 _a01
101 _aGJUHE SHQIPE
245 _aWAR AND PEACE
_cLEO TOLSTOY
942 _2udc
_cBK
999 _c60661
_d60661